LEADER 00832nam0 2200265 450 001 000016568 005 20080925164558.0 010 $a88-15-06792-2 100 $a20080925d1999----km-y0itay50------ba 101 0 $aita 102 $aIT 105 $ay-------001yy 200 1 $aMetodologia e tecniche della ricerca sociale$fPiergiorgio Corbetta 210 $aBologna$cIl Mulino$d1999 215 $a655 p.$d24 cm 225 2 $aStrumenti$iScienze sociali 410 0$12001$aStrumenti 610 1 $aSociologia$aRicerche$aMetodo 676 $a301.072$v20$9Sociologia e antropologia. Ricerca 700 1$aCorbetta,$bPiergiorgio$045919 801 0$aIT$bUNIPARTHENOPE$c20080925$gRICA$2UNIMARC 912 $a000016568 951 $a211/49$b8681$cNAVA2 996 $aMetodologia e tecniche della ricerca sociale$963663 997 $aUNIPARTHENOPE